International Economics/ (Record no. 36521)

MARC details
000 -LEADER
fixed length control field 00425nam a22001577a 4500
005 - DATE AND TIME OF LATEST TRANSACTION
control field 20240903100321.0
008 - FIXED-LENGTH DATA ELEMENTS--GENERAL INFORMATION
fixed length control field 240903b |||||||| |||| 00| 0 eng d
082 ## - DEWEY DECIMAL CLASSIFICATION NUMBER
Classification number 337
Item number HAM-I
100 ## - MAIN ENTRY--AUTHOR
Author Name Hamid, Shahid.A
245 ## - TITLE STATEMENT
Title International Economics/
Statement of responsibility, etc. A. Hamid Shahid
260 ## - PUBLICATION, DISTRIBUTION, ETC.
Place of Publication Lhore;
Name of publisher, distributor, etc. Ilmi Kitab Khana;
Date of publication, distribution, etc. 2003
300 ## - PHYSICAL DESCRIPTION
Pages vii, 424 p.;
650 ## - SUBJECT ADDED ENTRY--TOPICAL TERM
Subject / Department International Economics
300 ## - PHYSICAL DESCRIPTION
-- ill.;
-- 23.5 cm.
952 ## - LOCATION AND ITEM INFORMATION (KOHA)
-- 0
-- 0
Holdings
Lost status Damaged status Collection code Permanent Location Current Location Shelving Location Date acquired Full Call Number Accession No./Barcode Date last seen item type Koha item type
    Economics/Commerce Superior Information Resource Center (SIRC) Superior University - City Campus Superior Information Resource Center (SIRC) Superior University - City Campus Economics 09/03/2024 337 HAM-I 2003 2370 09/03/2024 BOOK BOOK

Powered by Koha